000
00300nam a2200109Ia 4500
008
171211s9999 xx 000 0 und d
245
_a
Diary of the Dark Years, 1940-1944
245
_c
Jean Guéhenno
260
_c
2014
650
_x
History
856
_u
http://down.ebook777.com/062/9780199970865.pdf
999
_c
348847
_d
348847